Structure of norbornene-fused 3,1-oxazine double cycloadducts

Elmentve itt :
Bibliográfiai részletek
Szerzők: Sohár Pál
Bernáth Gábor
Stájer Géza
Szabó Angéla E.
Dokumentumtípus: Cikk
Megjelent: 1989
Sorozat:MAGNETIC RESONANCE IN CHEMISTRY 27 No. 9
Tárgyszavak:
doi:10.1002/mrc.1260270910

mtmt:31621
Online Access:http://publicatio.bibl.u-szeged.hu/32787
LEADER 00853nab a2200253 i 4500
001 publ32787
005 20250416144846.0
008 250416s1989 hu o 000 eng d
022 |a 0749-1581; 1097-458X 
024 7 |a 10.1002/mrc.1260270910  |2 doi 
024 7 |a 31621  |2 mtmt 
040 |a SZTE Publicatio Repozitórium  |b hun 
041 |a eng 
100 1 |a Sohár Pál 
245 1 0 |a Structure of norbornene-fused 3,1-oxazine double cycloadducts  |h [elektronikus dokumentum] /  |c  Sohár Pál 
260 |c 1989 
300 |a 872-876 
490 0 |a MAGNETIC RESONANCE IN CHEMISTRY  |v 27 No. 9 
650 4 |a Kémiai tudományok 
650 4 |a Általános orvostudomány 
700 0 1 |a Bernáth Gábor  |e aut 
700 0 1 |a Stájer Géza  |e aut 
700 0 1 |a Szabó Angéla E.  |e aut 
856 4 0 |u http://publicatio.bibl.u-szeged.hu/32787/1/aok_klny_608_89.pdf  |z Dokumentum-elérés